00656 a2200181 4500020001500000020001800015082001200033090001500045100001800060245008100078260005100159300002100210490005400231830005400285942002500339999001700364952009300381 a0198503989 a9780198503989 a530.138 c1623d16231 aSucci, Sauro.14aThe lattice boltzmann equation for fluid dynamics and beyond /cSauro Succi. a[S.l.] :bOxford University Press, USA,c2001. a304 p. ;c24 cm.1 aNumerical mathematics and scientific computation. 0aNumerical mathematics and scientific computation. aSNScBKk530.138 SUC c30232d30232 00104070aSNSbSNSd2016-05-26l0o530.138 SUCpSNS0001801r2016-05-26w2016-05-26yBK